The alert! program : a bilingual multicultural currículum for preschool children in federally funded head start programs :

محفوظ في:
التفاصيل البيبلوغرافية
المؤلف الرئيسي: Allen, Devorah [et al.], (autor)
التنسيق: كتاب
اللغة:الإنجليزية
الموضوعات:
الوسوم: إضافة وسم
لا توجد وسوم, كن أول من يضع وسما على هذه التسجيلة!

MARC

LEADER 00000cam^a2200000uu^4500
001 000457851
005 20250521000000.0
008 050901s1979^^^^^^^^^^^^rd^r^^000^0^eng^d
009 20260310124054.851
035 |a FCE 000000295 
035 |a FCE 000296 
037 |a Acervo ITESO - Biblioteca 
041 |a eng 
082 0 4 |a 372.043  |b ALLa 
100 |a Allen, Devorah,  |e [et al.]  |e (autor) 
245 1 4 |a The alert! program :  |b a bilingual multicultural currículum for preschool children in federally funded head start programs :  |b a manual for workshop leaders : preservice/inservice training plans. 
264 |a Estados Unidos :  |b Columbia University,  |c 1979. 
300 |a 201 p. 
336 |a texto  |b txt  |2 rdacontenido 
337 |a sin mediación  |b n  |2 rdamedio 
338 |a volumen  |b nc  |2 rdasoporte 
649 |a XX 
650 |a Programa de educación 
650 |a Manual 
650 |a Educación del niño 
650 |a Desarrollo del niño 
650 |a Programa de desarrollo 
650 |a Currículo 
650 |a Educación bilingüe 
650 |a Educación multicultural 
650 |a Educación preescolar 
910 |a Fondo Centro de Estudios Educativos 
920 |a Impresos - Libros 
930 |a Fondos Especiales 
905 |a 133 
901 |a ALE000296  |b IT2  |c CEE  |u 20250521 
902 |a https://opac.biblio.iteso.mx/vufind/Record/000457851